El montero de Espinosa / (Record no. 53764)

MARC details
000 -LEADER
campo de control de longitud fija 00610nam a22001935i 4500
001 - NÚMERO DE CONTROL
campo de control 53764
003 - IDENTIFICADOR DE NÚMERO DE CONTROL
campo de control ES-MaACL
005 - FECHA Y HORA DE LA ÚLTIMA TRANSACCIÓN
campo de control 20250630061940.0
007 - CAMPO FIJO DE DESCRIPCIÓN FÍSICA--INFORMACIÓN GENERAL
campo de control de longitud fija t|
008 - DATOS DE LONGITUD FIJA--INFORMACIÓN GENERAL
campo de control de longitud fija 960705s1872 sp ||||1| spa d
100 1# - ENTRADA PRINCIPAL--NOMBRE DE PERSONA
Nombre de persona Fernández y González, Manuel,
Fechas asociadas al nombre 1821-1888
9 (RLIN) 50183
245 13 - MENCIÓN DEL TÍTULO
Título El montero de Espinosa /
Mención de responsabilidad, etc. por Manuel Fernández y González.
260 ## - PUBLICACIÓN, DISTRIBUCIÓN, ETC.
Lugar de publicación, distribución, etc. Madrid :
Nombre del editor, distribuidor, etc. [Francisco Perezagua],
Fecha de publicación, distribución, etc. 1872 (
Fabricante Imp. de Diego Valero)
300 ## - DESCRIPCIÓN FÍSICA
Extensión 298, [4] p. ;
Dimensiones 18 cm.
490 1# - MENCIÓN DE SERIE
Mención de serie Leyendas nacionales
830 10 - PUNTO DE ACCESO ADICIONAL DE SERIE-TÍTULO UNIFORME
Título uniforme Leyendas nacionales
9 (RLIN) 182457
852 ## - LOCALIZACIÓN
Ubicación ES-MaACL
Número de control de estantería D-2571
Holdings
Estatus retirado Estado de pérdida Estado de daño No para préstamo Colección Biblioteca de origen Biblioteca actual Ubicación en estantería Fecha de adquisición Fuente de adquisición Total de préstamos Signatura topográfica completa Código de barras Visto por última vez Precio de reemplazo Tipo de ítem Koha
        Libros del s. XIX Biblioteca del Ateneo de Madrid Biblioteca del Ateneo de Madrid Sala Valle Inclán 17/01/2008     D-2571 901056500 23/02/2023 23/02/2023 Libro impreso antiguo